| 000 | 00463nam a2200157 4500 | ||
|---|---|---|---|
| 001 | 110118 | ||
| 003 | ES-MaACL | ||
| 005 | 20230906184958.0 | ||
| 007 | t| | ||
| 008 | 061121s1965 sp r ||||1| spa d | ||
| 100 | 1 |
_aOcamica y Goitisolo, Francisco. _986436 |
|
| 245 | 1 | 3 |
_aLa villa de Lequeitio _b: ( ensayo histórico). |
| 260 |
_aBilbao : _bDiputación de Vizcaya, _c1965. |
||
| 300 |
_a298 p., I-XVII lám ; _c25 cm. |
||
| 852 |
_aES-MaACL _jC-28979 _bR.58398 |
||
| 999 |
_c110118 _d110118 |
||